| 000 | 00717nam a22002177a 4500 | ||
|---|---|---|---|
| 999 |
_c10375 _d10375 |
||
| 003 | AR-CdUCM | ||
| 008 | 190401b ||||| |||| 00| 0 spa d | ||
| 040 |
_aMUNICIPALIDAD PROVINCIAL DEL CUSCO _cBIBLIOTECA MUNICIPAL DEL CUSCO |
||
| 082 |
_a170 / _bD95 /1905 |
||
| 100 |
_aDuprat, G, L. _927187 |
||
| 245 |
_aLa moral : _bFundamentos psico-sociológicos de una conducta racional / |
||
| 260 |
_aMadrid : _bDaniel Jorro, _c1905. |
||
| 300 |
_a452 páginas ; _c18 cm. |
||
| 505 | _aContenido : El método -- El ideal psicológico -- El ideal social ... | ||
| 650 |
_aPsicología _91538 |
||
| 650 |
_aMoral _94056 |
||
| 650 |
_aConducta _95062 |
||
| 700 |
_aRubio, R. _927188 |
||
| 942 |
_2ddc _cLIBROS |
||
| 945 | _arah | ||